Central Library OPAC University of Rajshahi

Solar energy and conservation : (Record no. 67242)

MARC details
000 -LEADER
fixed length control field 01040nam a2200277 a 4500
001 - CONTROL NUMBER
control field 67242
003 - CONTROL NUMBER IDENTIFIER
rucl marc code BD-RjUL
005 - DATE AND TIME OF LATEST TRANSACTION
control field 20211209081629.0
008 - FIXED-LENGTH DATA ELEMENTS--GENERAL INFORMATION
fixed length control field 170323s1980 nyua b 100 0 eng d
020 ## - INTERNATIONAL STANDARD BOOK NUMBER
International Standard Book Number 0080255515
035 ## - SYSTEM CONTROL NUMBER
System control number (BD-RjUL) 67373
040 ## - CATALOGING SOURCE
Original cataloging agency DLC
Transcribing agency DLC
Modifying agency BD-RjU
Language of cataloging eng
041 ## - LANGUAGE CODE
Language code of text/sound track or separate title eng
082 00 - DEWEY DECIMAL CLASSIFICATION NUMBER
Classification number 621.47
Edition number 23
Author mark and year SOL 1980
111 2# - MAIN ENTRY--MEETING NAME
Meeting name or jurisdiction name as entry element Solar Energy and Conservation Symposium
Date of meeting (1978 :
Location of meeting Miami Beach, Fla.)
9 (RLIN) 199225
245 10 - TITLE STATEMENT
Title Solar energy and conservation :
Remainder of title technology, commercialization, utilization : proceedings of the Solar Energy and Conservation Symposium, 11-13 December 1978, Miami Beach, Florida /
Statement of responsibility, etc. edited by T. Nejat Veziroglu.
260 ## - PUBLICATION, DISTRIBUTION, ETC. (IMPRINT)
Place of publication, distribution, etc. New York :
Name of publisher, distributor, etc. Pergamon Press,
Date of publication, distribution, etc. c1980.
300 ## - PHYSICAL DESCRIPTION
Pagination 3 v. :
Illustrations ill. ;
Size 25 cm.
504 ## - BIBLIOGRAPHY, ETC. NOTE
Bibliography, etc Includes bibliographical references and index.
505 0# - FORMATTED CONTENTS NOTE
Formatted contents note Vol.1--
650 #0 - SUBJECT ADDED ENTRY--TOPICAL TERM
Topical term or geographic name as entry element Solar energy
General subdivision Congresses.
9 (RLIN) 29451
Topical term or geographic name as entry element Energy conservation
General subdivision Congresses.
9 (RLIN) 199226
700 1# - ADDED ENTRY--PERSONAL NAME
Personal name Veziroglu, T. Nejat.
942 ## - ADDED ENTRY ELEMENTS (KOHA)
Source of classification or shelving scheme Dewey Decimal Classification
Koha item type Books
Holdings
Lost status Source of classification or shelving scheme Damaged status Not for loan Collection code Permanent Location Current Location Shelving location Date acquired Source of acquisition Total Checkouts Full call number Date last seen Copy number Koha item type
  Dewey Decimal Classification   Not For Loan Non-fiction Central Library, University of Rajshahi Central Library, University of Rajshahi Reading Room 12/04/1987 Asia Foundation   621.47 SOL V-1 1980 23/03/2017 C-1 Books